[Event "ISR-chT 2019"]
[Site "Israel"]
[Date "2019.02.15"]
[Round "5.2"]
[White "Tifferet, Shaked"]
[Black "Zubov, Alexander"]
[Result "0-1"]
[WhiteElo "2243"]
[BlackElo "2598"]
[Annotator "TA"]
[PlyCount "88"]
[EventDate "2019.01.04"]
[EventType "team-tourn"]
[EventCountry "ISR"]
[SourceTitle "playchess.com"]
[Source "ChessBase"]
[SourceQuality "1"]

{[%evp 14,88,33,27,29,-26,-12,0,20,17,83,20,24,28,17,10,36,16,32,27,24,14,50,15,37,0,19,-52,-23,-43,-55,-77,-77,-59,-12,-18,-35,-88,-83,-110,-89,-100,-45,-281,-282,-450,-458,-443,-466,-450,-443,-438,-416,-416,-448,-427,-424,-527,-529,-512,-509,-493,-500,-752,-759,-738,-752,-924,-916,-899,-718,-972,-676,-5169,-2293,-6174,-6203]} 1. e4 c5 2. Nf3 d6 3. d4 cxd4 4. Nxd4 Nf6 5. f3 Nc6 6. c4 Qb6 7. Nc2 e6 8. Nc3 Be7 {B55: Sicilian: 2...d6 3 d4 cxd4 4 Nxd4 Nf6 5 f3} 9. b3 (9. a3 $142) (9. Bd3 O-O 10. Be3 Qc7 11. O-O Bd7 12. Rc1 Rac8 13. Be2 Rfd8 14. Nd4 Qb8 15. Qd2 Be8 16. Rfd1 {½-½ (37) Kokarev,D (2595)-Sarana,A (2634) Kazan 2018}) 9... O-O $11 10. Be3 Qc7 {The position is equal.} 11. Qd2 b6 (11... d5 $11 {remains equal.}) 12. Be2 (12. g4 $16) 12... Bb7 $146 ({Predecessor:} 12... a6 13. O-O Bb7 14. Rac1 {½-½ (39) Naiditsch,Y (2202)-Danelia,M (2144) Kemer 2009}) 13. O-O Rad8 14. Rfd1 Rfe8 15. Rac1 Ne5 16. Bf2 Qb8 17. Ne3 h5 18. Bd3 Ng6 19. Ne2 Nd7 20. Nf1 (20. Bb1 $11) 20... h4 21. h3 Nde5 22. Nc3 Nxd3 23. Qxd3 d5 24. cxd5 Nf4 25. Qb1 (25. Qb5 $15) 25... exd5 $17 26. exd5 Qe5 $36 {[%mdl 2048] White is under strong pressure.} ({Much less strong is} 26... Nxd5 27. Nxd5 Bxd5 28. Qf5 $15) 27. Be3 Bb4 (27... Bc5 $17 28. Bxc5 bxc5) 28. Rd4 $2 (28. Bxf4 $1 $15 Qxf4 29. Qd3) 28... Bc5 $19 29. Re4 (29. Qe4 $142 Bxd4 30. Qxd4 Qxd4 31. Bxd4) 29... Qg5 {[%csl Gf4][%cal Rg5g2]} 30. Rc2 Bxe3+ 31. Nxe3 {Qe1 would now be nice for White.} Nxh3+ 32. Kh2 Qg3+ 33. Kh1 Nf2+ 34. Rxf2 {Black is clearly winning.} Qxf2 35. Ng4 Qd2 {[%mdl 64] Double Attack} 36. Rxe8+ Rxe8 37. Ne4 Qf4 38. Qd1 (38. Qe1 $142 Rc8 39. Ne3) 38... Rc8 {Threatens to win with ...Rc1.} 39. Nd2 Bxd5 40. Nf2 Qe3 41. Ng4 Qd3 {Hoping for ...Rc2.} 42. Qe1 {[#]} h3 $1 43. Qg3 {Intending Nf6+ and mate.} (43. gxh3 Rc2) 43... hxg2+ 44. Kh2 {[#]} g1=Q+ $1 {Accuracy: White = 23%, Black = 58%.} 0-1

[Event "ISR-chT 2019"]
[Site "Israel"]
[Date "2019.02.15"]
[Round "5.3"]
[White "Kantarji, Pinchas"]
[Black "Poleg, Matan"]
[Result "1/2-1/2"]
[WhiteElo "2445"]
[BlackElo "2205"]
[Annotator "NA"]
[PlyCount "62"]
[EventDate "2019.01.04"]
[EventType "team-tourn"]
[EventCountry "ISR"]
[SourceTitle "playchess.com"]
[Source "ChessBase"]
[SourceQuality "1"]
[TimeControl "40/5400+30:1800+30"]

1. d4 {[%emt 0:00:00]} Nf6 {[%emt 0:00:29]} 2. c4 {[%emt 0:03:05]} e6 {[%emt 0:00:27]} 3. Nf3 {[%emt 0:00:18]} Bb4+ {[%emt 0:00:35]} 4. Bd2 {[%emt 0:00:42]} a5 {[%emt 0:00:13]} 5. Nc3 {[%emt 0:05:02]} O-O {[%emt 0:02:25]} 6. e3 {[%emt 0:02:55]} d5 {[%emt 0:03:06]} 7. a3 {[%emt 0:05:03]} Be7 {[%emt 0:01:32]} 8. Rc1 {[%emt 0:05:50]} Ne4 {[%emt 0:06:34]} 9. Bd3 {[%emt 0:03:16]} Nxd2 {[%emt 0:05:22]} 10. Qxd2 {[%emt 0:00:15]} c6 {[%emt 0:04:40]} 11. O-O {[%emt 0:03:10]} Nd7 {[%emt 0:05:30]} 12. Rfd1 {[%emt 0:03:18]} f5 {[%emt 0:07:25]} 13. Qc2 {[%emt 0:02:13]} g6 {[%emt 0:03:57]} 14. Ne5 {[%emt 0:04:42]} Bd6 {[%emt 0:04:25]} 15. f4 {[%emt 0:03:05]} Nf6 {[%emt 0:01:03]} 16. Be2 {[%emt 0:03:59]} Ne4 {[%emt 0:05:07]} 17. c5 {[%emt 0:12:22]} Bxe5 {[%emt 0:02:02]} 18. fxe5 {[%emt 0:01:06]} Qg5 {[%emt 0:01:01]} 19. Nxe4 {[%emt 0:05:03]} fxe4 {[%emt 0:01:18]} 20. Qd2 {[%emt 0:00:39]} Bd7 {[%emt 0:01:25]} 21. Rf1 {[%emt 0:02:17]} Rf5 {[%emt 0:01:27]} 22. Rf4 {[%emt 0:03:42]} Raf8 {[%emt 0:04:14]} 23. Rcf1 {[%emt 0:01:58]} Qd8 {[%emt 0:00:49]} 24. g3 {[%emt 0:03:40]} b5 {[%emt 0:04:45]} 25. b3 {[%emt 0:04:16]} g5 {[%emt 0:05:07]} 26. R4f2 {[%emt 0:01:12]} Rxf2 {[%emt 0:05:14]} 27. Rxf2 {[%emt 0:00:06]} Rxf2 {[%emt 0:00:04]} 28. Kxf2 {[%emt 0:00:06]} Kf7 {[%emt 0:00:10]} 29. Ke1 {[%emt 0:07:59]} Ke7 {[%emt 0:03:40]} 30. Bg4 {[%emt 0:01:06]} Qa8 {[%emt 0:00:31]} 31. Bh5 {[%emt 0:04:12]} Qd8 {[%emt 0:02:14]} 1/2-1/2

[Event "ISR-chT 2019"]
[Site "Israel"]
[Date "2019.02.15"]
[Round "5.4"]
[White "Kudischewitsch, David"]
[Black "Oratovsky, Michael"]
[Result "1/2-1/2"]
[WhiteElo "2350"]
[BlackElo "2462"]
[Annotator "TA"]
[PlyCount "96"]
[EventDate "2019.01.04"]
[EventType "team-tourn"]
[EventCountry "ISR"]
[SourceTitle "playchess.com"]
[Source "ChessBase"]
[SourceQuality "1"]

{[%evp 9,96,30,29,39,35,16,10,12,10,12,24,0,0,-6,11,0,-10,-38,-25,-50,-39,-40,-25,-35,-26,-33,-33,-63,-6,-13,4,-93,-91,-139,-139,-150,-138,-142,-125,-168,-167,-170,-135,-120,-156,-145,-139,-110,-64,-74,0,0,0,0,1102,0,987,0,0,0,0,-2092,-2001,-1307,79,75,81,83,86,38,38,38,493,486,29949,327,868,308,1031,870,4129,4129,4125,143,143,9,10,9,18]} 1. d4 d6 2. e4 Nf6 3. Nc3 e5 4. Nge2 c6 5. h3 (5. g3 b5 6. Bg2 Bb7 7. O-O Nbd7 8. h3 h5 9. a3 Be7 10. Be3 a5 11. d5 b4 12. dxc6 Bxc6 13. Nd5 Nxd5 14. exd5 {1-0 (43) Carlsen,M (2837)-Bologan,V (2732) Astana 2012}) 5... b5 6. a3 {B07: Pirc Defence: Miscellaneous Systems} h5 7. g3 a5 $146 ({Predecessor:} 7... Nbd7 8. Bg2 Bb7 9. O-O Be7 10. Be3 a6 11. Qd2 Qc7 12. b3 g6 {0-1 (40) Den Hartog,M (2183)-Kerigan,D (2318) Wachtebeke 2017}) 8. Bg2 Ba6 9. Be3 Be7 10. O-O O-O 11. Re1 Nbd7 12. Qd2 Re8 13. f4 Bf8 14. Bf2 Qc7 15. Nc1 b4 16. axb4 axb4 17. Nd1 c5 18. c3 cxd4 (18... bxc3 $15 19. bxc3 Bb7 20. Rxa8 Rxa8) 19. cxd4 $11 d5 (19... Qc4 {is more complex.} 20. Kh2 Rec8 21. b3 Qb5 22. Kg1 g6) 20. Rxa6 (20. fxe5 $11 {keeps the balance.} Nxe4 21. Qf4) 20... Rxa6 $17 21. dxe5 Nxe4 22. Qxd5 Nxf2 (22... Qxc1 23. Rxe4 Nb6 24. Bxb6 $11) 23. Nxf2 Ra1 24. Nfd3 Nc5 25. Kh2 Nxd3 26. Nxd3 Rxe1 27. Nxe1 h4 28. Nf3 hxg3+ 29. Kxg3 Qc2 ({Better is} 29... Be7 $17 {White must now prevent ...Qc2.} 30. Qe4 Qc1) 30. Ng5 $11 Re7 31. Be4 Qc7 $2 {[%mdl 8192]} (31... Qxb2 32. Bh7+ Kh8 33. Qd8 Qc3+ 34. Kg4 f5+ 35. Bxf5 Qc4 36. Qxf8+ Qg8 37. Qxe7) (31... Qe2 $11) 32. Bg6 $2 (32. Bh7+ $1 $18 Kh8 33. Qa8) 32... Rd7 $2 {[%mdl 8192]} (32... Qa7 $11) 33. Qb3 $2 (33. Qe4 $1 $18 Bc5 34. Bxf7+ Rxf7 35. Qh7+ Kf8 36. Ne6+ Ke8 37. Qg8+ Bf8 38. Nxc7+ Rxc7 39. Qe6+ Kd8 40. Qd5+ Ke8 41. f5) 33... Qa7 34. Kg4 $40 {[%mdl 128] White mounts an attack.} Qg1+ 35. Kh5 $2 {[%mdl 8192]} (35. Kf3 $11) 35... Qd1+ $19 36. Qxd1 Rxd1 $2 (36... fxg6+ $19 37. Kg4 Rxd1) 37. Bxf7+ {[%mdl 4096] Endgame KRB-KBN} Kh8 38. Kg6 Be7 39. h4 {[%cal Bh3h4,Bh4h5][%mdl 32]} Rd4 40. Kf5 g6+ $2 {[%mdl 8192]} (40... b3 $14) 41. Bxg6 $18 b3 (41... Rd2 $18 42. b3 Rb2) 42. Bf7 $2 (42. Nf7+ {mates} Kg8 43. h5 Rd2 44. h6 Kf8 45. h7 Rh2 46. h8=Q+ Rxh8 47. Nxh8) 42... Rb4 $2 (42... Rd2 43. Bxb3 Rxb2) 43. Bd5 $2 (43. h5 Bc5 44. h6) 43... Bc5 $2 (43... Kg7 44. Kg4 Rb5) 44. h5 Be3 45. e6 Rxf4+ {[#]} 46. Kg6 $2 (46. Ke5 $1 $18 {and the rest is easy. Intending e7 and mate.} Rf8 47. e7) 46... Bc5 $16 {[#]} ({Weaker is} 46... Rg4 47. e7 Rxg5+ 48. Kf6 Kh7 49. e8=Q Bd4+ 50. Kxg5 Be3+ 51. Qxe3 Kh8 52. Qe8+ Kh7 53. Qg8#) 47. Nf7+ ({Reject} 47. Bxb3 $6 Be7 $11) (47. h6 $1 $16 Rg4 48. Kh5) 47... Kg8 $11 48. h6 {Threatening mate with h7+.} Rg4+ {Precision: White = 41%, Black = 40%.} 1/2-1/2

[Event "ISR-chT 2019"]
[Site "Israel"]
[Date "2019.02.15"]
[Round "5.5"]
[White "Mesropov, Konstantin"]
[Black "Lurie, Michael"]
[Result "1/2-1/2"]
[WhiteElo "2431"]
[BlackElo "2331"]
[Annotator "NA"]
[PlyCount "51"]
[EventDate "2019.01.04"]
[EventType "team-tourn"]
[EventCountry "ISR"]
[SourceTitle "playchess.com"]
[Source "ChessBase"]
[SourceQuality "1"]
[TimeControl "40/5400+30:1800+30"]

1. d4 {[%emt 0:00:00]} Nf6 {[%emt 0:00:00]} 2. Bg5 {[%emt 0:04:44]} g6 {[%emt 0:00:00]} 3. Bxf6 {[%emt 0:00:44]} exf6 {[%emt 0:00:00]} 4. e4 {[%emt 0:00:31]} Bg7 {[%emt 0:01:52]} 5. Nf3 {[%emt 0:00:19]} O-O {[%emt 0:02:18]} 6. Bd3 {[%emt 0:00:08]} c5 {[%emt 0:00:24]} 7. O-O {[%emt 0:01:46]} cxd4 {[%emt 0:01:16]} 8. Nxd4 {[%emt 0:02:57]} f5 {[%emt 0:01:19]} 9. c3 {[%emt 0:00:21]} fxe4 {[%emt 0:06:49]} 10. Bxe4 {[%emt 0:00:05]} d5 {[%emt 0:01:19]} 11. Bf3 {[%emt 0:01:49]} Nc6 {[%emt 0:02:06]} 12. Nb3 {[%emt 0:01:06]} Be6 {[%emt 0:01:00]} 13. Na3 {[%emt 0:02:08]} Ne5 {[%emt 0:02:42]} 14. Be2 {[%emt 0:10:30]} Qb6 {[%emt 0:02:58]} 15. Nc2 {[%emt 0:05:59]} a5 {[%emt 0:07:14]} 16. Ncd4 {[%emt 0:05:33]} Bd7 {[%emt 0:01:35]} 17. Rb1 {[%emt 0:06:52]} Rad8 {[%emt 0:15:01]} 18. Nd2 {[%emt 0:04:54]} a4 {[%emt 0:04:08]} 19. N2f3 {[%emt 0:09:19]} Nc6 {[%emt 0:04:25]} 20. h3 {[%emt 0:09:34]} Rfe8 {[%emt 0:04:08]} 21. Qd2 {[%emt 0:03:38]} Nxd4 {[%emt 0:05:10]} 22. Nxd4 {[%emt 0:00:12]} Bxd4 {[%emt 0:00:19]} 23. cxd4 {[%emt 0:28:21]} Rxe2 {[%emt 0:00:10]} 24. Qxe2 {[%emt 0:00:00]} Bb5 {[%emt 0:35:47]} 25. Qd2 {[%emt 0:01:00]} Bxf1 26. Rxf1 1/2-1/2

[Event "ISR-chT 2019"]
[Site "Israel"]
[Date "2019.02.15"]
[Round "5.7"]
[White "Dvoirys, Semen I."]
[Black "Sutovsky, Emil"]
[Result "0-1"]
[WhiteElo "2523"]
[BlackElo "2628"]
[Annotator "TA"]
[PlyCount "98"]
[EventDate "2019.01.04"]
[EventType "team-tourn"]
[EventCountry "ISR"]
[SourceTitle "playchess.com"]
[Source "ChessBase"]
[SourceQuality "1"]

{[%evp 19,98,15,20,22,35,16,17,9,21,14,102,106,119,107,102,62,158,122,130,131,132,83,114,116,108,104,168,165,168,0,0,0,0,0,0,-295,-295,-295,-286,-267,-281,-292,-285,-291,-288,-279,-270,-295,-291,-266,-251,-381,-308,-373,-362,-352,-282,-497,-491,-757,-751,-1318,-1284,-1280,-1126,-992,-950,-1164,-1094,-1179,-988,-964,-908,-1944,-1962,-1677,-1707,-1534,-769,-1485,-1421]} 1. e4 e5 2. Nf3 Nc6 3. Bb5 a6 4. Ba4 Nf6 5. O-O Be7 6. Re1 b5 7. Bb3 O-O 8. a4 b4 9. d3 d6 10. Nbd2 Be6 11. Bxe6 {C88: Closed Ruy Lopez: Anti-Marshall Systems} fxe6 12. Nb3 Qe8 13. d4 {[#] The position is equal.} Qg6 $146 ({Predecessor:} 13... Nd7 14. d5 Nd8 15. dxe6 Nxe6 16. Qd5 Qf7 17. Na5 c5 18. Be3 Nf6 {1-0 (54) Caruana,F (2772)-Ivanchuk,V (2757) Loo 2013}) 14. Qe2 Nh5 (14... Nxd4 $11 15. Nbxd4 exd4) 15. dxe5 $16 Nxe5 16. Nxe5 dxe5 17. Be3 Bh4 (17... Nf4 $14 18. Bxf4 Rxf4) 18. Nc5 Nf6 19. Nxe6 Rf7 {Threatening ...Ng4.} 20. Nc5 Ng4 21. Nd3 Raf8 {[%cal Ba8f8,Bf8f7,Bf7f3,Bf3g3][%mdl 32]} 22. Rf1 Rf3 (22... Qxe4 $16 23. Rae1 Nxe3 24. Qxe3 Qxe3 25. Rxe3 Rf5) 23. Bc5 $18 (23. Nxb4 Nxe3 24. fxe3 Rf2 $19) 23... R8f7 24. Kh1 $2 ({But not} 24. Bxb4 $6 Bxf2+ 25. Nxf2 Rxf2 $11) (24. Rad1 $18) 24... Qh5 $1 $11 25. gxf3 Nxh2 $1 26. Kg2 $1 {aiming for Rh1.} Rxf3 {( -> ...Qg4+)} 27. Nxe5 $2 {[%mdl 8192]} (27. Nxb4 {leads to mate.} Qg5+ 28. Kh1 Rh3 29. Qc4+ Kh8 30. Qe6 Ng4+ 31. Kg2 Nxf2+ 32. Qg4 Qxg4#) (27. Nf4 $1 $11 {and White stays safe.} Qg4+ {[%mdl 64] Double Attack} 28. Kh1 (28. Kxh2 $2 Qxf4+ 29. Kh1 Rh3+ 30. Kg2 Qh2#) 28... Nxf1 29. Qc4+ Kh8 30. Qf7) 27... Rg3+ $1 $19 {[%mdl 64] [#] Discovered Attack} 28. fxg3 {[%csl Gc5][%cal Rf1f8]} Qxe2+ 29. Rf2 Qxe4+ {[%mdl 64] Double Attack} 30. Kxh2 {[%csl Gc5][%cal Rf2f8]} Bxg3+ $1 {[%mdl 64] Decoy} 31. Kxg3 {[%csl Gc5][%cal Rf2f8]} Qxe5+ {[%mdl 64] [#] Double Attack} 32. Kg2 {[%csl Gc5][%cal Rf2f8]} Qd5+ ({Resist} 32... Qxc5 33. b3 $19) 33. Kg1 {[%csl Gc5][%cal Rf2f8]} Qxc5 {[%mdl 4096] Endgame KQ-KRR} 34. Re1 {Re8+ would kill now.} h5 35. b3 (35. Re4 {is a better defense.}) 35... Qd5 36. Kh2 Kh7 37. Re3 Kh6 38. Ref3 $2 (38. Rfe2 {might work better.} g6 39. Re4) 38... h4 {Black is clearly winning.} 39. Rd3 (39. Re3 $142 Qd6+ 40. Kg1) 39... Qe5+ 40. Kg2 g5 41. Kf3 Kh5 42. Re3 Qf5+ 43. Kg2 Qd5+ 44. Kg1 Qd4 45. Rd3 Qe4 46. Rdf3 Kg4 47. Rd3 h3 48. Kf1 Qh1+ 49. Ke2 h2 {Accuracy: White = 60%, Black = 62%.} 0-1

[Event "ISR-chT 2019"]
[Site "Israel"]
[Date "2019.02.15"]
[Round "5.8"]
[White "Eljanov, Pavel"]
[Black "Khmelniker, Ilya"]
[Result "1-0"]
[WhiteElo "2680"]
[BlackElo "2483"]
[Annotator "TA"]
[PlyCount "97"]
[EventDate "2019.01.04"]
[EventType "team-tourn"]
[EventCountry "ISR"]
[SourceTitle "playchess.com"]
[Source "ChessBase"]
[SourceQuality "1"]

{[%evp 13,97,31,32,27,24,27,45,52,68,57,75,49,50,53,59,64,99,81,112,53,56,14,28,8,11,29,20,17,23,22,13,9,15,15,58,55,70,30,35,18,70,56,68,0,0,0,0,13,27,6,50,55,125,124,491,508,483,447,430,330,393,432,382,409,456,450,400,0,0,0,49,0,85,112,124,125,133,139,500,491,490,483,449,405,522,491]} 1. e4 e5 2. Nf3 Nc6 3. Bc4 Nf6 4. d3 Be7 5. O-O O-O 6. Re1 d6 7. a4 Be6 8. Bxe6 {C55: Two Knights: 4 d3, 4 d4 exd4 5 e5 and Max Lange Attack} (8. Na3 Qd7 9. c3 Rae8 10. Bxe6 fxe6 11. Nc4 Kh8 12. h3 Bd8 13. Be3 a6 14. b4 Ne7 15. Rb1 b5 16. axb5 axb5 {1-0 (41) Jones,G (2682)-McShane,L (2664) London 2018}) 8... fxe6 9. c3 Qd7 10. b4 {[%cal Bb2b4,Bb4b5][%mdl 32] White is slightly better.} Rae8 11. Nbd2 {[%cal Bb1d2,Bd2f1,Bf1g3][%mdl 32]} Bd8 $146 ({Predecessor:} 11... Nd8 12. b5 Nf7 13. Nc4 Qc8 14. Be3 b6 15. a5 Ng4 {½-½ (73) Eismont,O (2440)-Hicker,H Werfen 1993}) 12. Nf1 Qf7 13. b5 Nb8 14. Be3 Nbd7 15. Ng3 Ng4 16. Bd2 (16. Bxa7 $16 Be7 17. a5) 16... h5 $14 17. Nf1 ({Much worse is} 17. h3 Nxf2 18. Kxf2 Bh4 $17) 17... Qg6 18. Be3 $1 Rf7 (18... a6 {keeps more tension.} 19. h3 Nxe3 20. Rxe3 Bf6 21. Re1 Rf7) 19. h3 Nxe3 20. Rxe3 Ref8 21. Ra2 c6 22. bxc6 bxc6 23. a5 Nc5 24. N1d2 Rf4 25. Qe2 Nd7 26. d4 exd4 ({Black should try} 26... d5 $11) 27. cxd4 c5 {White should prevent ...cxd4.} 28. Rd3 (28. Qc4 $14) 28... cxd4 $11 29. Rxd4 Be7 30. Rc4 Nc5 31. Rac2 Qf7 32. e5 Rxc4 (32... Qf5 $1 $14) 33. Nxc4 $16 d5 $2 {[%mdl 8192]} (33... dxe5 $16 {is more resistant.} 34. Ncxe5 (34. Qxe5 Nd3 $11) (34. Nfxe5 Qe8 $16) 34... Qf5) 34. Nd6 $18 Bxd6 35. exd6 Ne4 36. Ne5 Qf6 37. Qxh5 {Threatens to win with Ng6.} Nxd6 38. Ng6 {Black must now prevent Rc7.} Rc8 39. Rxc8+ Nxc8 40. Qh8+ $2 (40. f4 $18 {aiming for Qh8+.} Kf7 41. Ne5+ {[%mdl 64] Discovered Attack (Double check)} Kg8 42. Qe8+ {[%mdl 64] Double Attack} Qf8 43. Qxe6+ {[%mdl 64] Double Attack} Kh7 44. Qxd5) 40... Kf7 $11 41. Nh4 Qa1+ 42. Kh2 Qe5+ {[#]} (42... Qf6 $11) 43. g3 $1 $16 Ne7 44. Nf3 Qf5 45. Kg2 Qe4 $2 {[%mdl 8192]} (45... d4 $16) 46. Qa8 $18 a6 47. Qxa6 d4 48. Qb5 d3 {[#]} 49. Qxd3 $1 {[%mdl 512] Accuracy: White = 63%, Black = 36%.} 1-0

[Event "ISR-chT 2019"]
[Site "Israel"]
[Date "2019.02.15"]
[Round "5.9"]
[White "Vydeslaver, Alik"]
[Black "Kogan, Arthur"]
[Result "0-1"]
[WhiteElo "2386"]
[BlackElo "2547"]
[Annotator "ChessBase"]
[PlyCount "70"]
[EventDate "2019.01.04"]
[EventType "team-tourn"]
[EventCountry "ISR"]
[SourceTitle "playchess.com"]
[Source "ChessBase"]
[SourceQuality "1"]
[TimeControl "40/5400+30:1800+30"]

1. Nf3 {[%emt 1:30:30]} d5 {[%emt 0:00:27]} 2. d4 {[%emt 0:00:00]} Nf6 {[%emt 0:00:47]} 3. Bf4 {[%emt 0:00:00]} c5 {[%emt 0:02:25]} 4. e3 {[%emt 0:00:00]} Nc6 {[%emt 0:00:24]} 5. c3 {[%emt 0:00:00]} Qb6 {[%emt 0:02:09]} 6. Qb3 {[%emt 0:00:00]} c4 {[%emt 0:00:25]} 7. Qxb6 {[%emt 0:00:00]} axb6 {[%emt 0:00:19]} 8. Be2 {[%emt 0:00:00]} e6 {[%emt 0:05:54]} 9. Nbd2 {[%emt 0:00:00]} b5 {[%emt 0:00:45]} 10. Ne5 {[%emt 0:00:00]} b4 {[%emt 0:02:03]} 11. O-O {[%emt 0:00:00]} Nd7 {[%emt 0:05:07]} 12. Nxd7 {[%emt 0:00:00]} Bxd7 {[%emt 0:00:56]} 13. e4 {[%emt 0:00:00]} bxc3 {[%emt 0:13:50]} 14. bxc3 {[%emt 0:00:00]} Ba3 {[%emt 0:00:11]} 15. exd5 {[%emt 0:00:00]} exd5 {[%emt 0:00:18]} 16. Bf3 {[%emt 0:00:00]} Ne7 {[%emt 0:01:57]} 17. Rae1 {[%emt 0:00:55]} Kd8 {[%emt 0:21:28]} 18. Nb1 {[%emt 0:05:11]} Ng6 {[%emt 0:00:57]} 19. Nxa3 {[%emt 0:01:36]} Nxf4 {[%emt 0:19:26]} 20. Nc2 {[%emt 0:00:01]} Be6 {[%emt 0:01:04]} 21. Nb4 {[%emt 0:01:13]} Ra5 {[%emt 0:00:48]} 22. g3 {[%emt 0:00:27]} Ng6 {[%emt 0:00:26]} 23. Rb1 {[%emt 0:00:26]} Kc7 {[%emt 0:00:28]} 24. Rb2 {[%emt 0:00:10]} Rha8 {[%emt 0:01:09]} 25. Rfb1 {[%emt 0:00:50]} R8a7 {[%emt 0:00:15]} 26. Re1 {[%emt 0:00:22]} Kd6 {[%emt 0:01:41]} 27. Reb1 {[%emt 0:01:03]} Ne7 {[%emt 0:01:12]} 28. Bd1 {[%emt 0:00:44]} Ra3 {[%emt 0:01:42]} 29. Rc1 {[%emt 0:00:31]} Nc6 {[%emt 0:02:08]} 30. Kf1 {[%emt 0:00:24]} Nxb4 {[%emt 0:00:58]} 31. Rxb4 {[%emt 0:00:01]} Rxa2 {[%emt 0:00:15]} 32. Ke1 {[%emt 0:00:02]} Bf5 {[%emt 0:02:02]} 33. Rb6+ {[%emt 0:00:36]} Kc7 {[%emt 0:00:11]} 34. Rb5 {[%emt 0:00:16]} Be4 {[%emt 0:04:03]} 35. h4 {[%emt 0:00:21]} Ra8 {[%emt 0:01:25]} 0-1

[Event "ISR-chT 2019"]
[Site "Israel"]
[Date "2019.02.15"]
[Round "5.10"]
[White "Smirin, Ilia"]
[Black "Sidorenko, Ilya"]
[Result "1-0"]
[WhiteElo "2610"]
[BlackElo "2395"]
[Annotator "TA"]
[PlyCount "71"]
[EventDate "2019.01.04"]
[EventType "team-tourn"]
[EventCountry "ISR"]
[SourceTitle "playchess.com"]
[Source "ChessBase"]
[SourceQuality "1"]

{[%evp 18,71,32,24,31,30,49,41,40,37,43,19,22,25,27,31,39,0,0,-6,-4,-29,-41,-42,0,-22,-21,-99,0,-25,14,16,12,0,83,76,80,90,112,114,111,34,86,0,0,0,413,410,964,959,952,952,914,897,869,849]} 1. e4 c5 2. Nf3 d6 3. d4 cxd4 4. Nxd4 Nf6 5. Nc3 Nc6 6. Bg5 e6 7. Qd2 a6 8. O-O-O Bd7 9. f3 Be7 10. h4 h6 {B67: Sicilian: Richter-Rauzer: 7...a6 8 0-0-0 Bd7, lines without 9 f4 Be7} 11. Be3 b5 12. Nxc6 Bxc6 {White is slightly better.} 13. Ne2 Qc7 14. Nd4 Bb7 15. g4 Nd7 16. Kb1 Ne5 {[#]} 17. b3 $146 ({Predecessor:} 17. Rh3 Nc4 18. Bxc4 bxc4 19. Ne2 Rb8 20. Bd4 {1-0 (58) Leko,P (2731)-Kosteniuk,A (2541) Sochi 2014}) 17... Rc8 {White should prevent ...Nxf3!} 18. Bg2 Qc3 19. Qf2 d5 20. Bd2 Qc5 {And now ...dxe4 would win.} 21. exd5 (21. Be3 $5 {[%cal Rd4e6]} Qc3 22. Bd2 $11) 21... Bxd5 22. Be3 {[#]} (22. Bc1 $11) 22... Qc3 (22... Nc4 $1 $17 {[%cal Rc4a3][%mdl 512]} 23. bxc4 Qb4+ 24. Nb3 bxc4) 23. Bc1 (23. Nf5 $5 Nc4 24. bxc4 Qb4+ 25. Ka1 Qc3+ 26. Kb1 Qb4+ 27. Ka1 Qc3+ 28. Kb1 $11) 23... Qc5 24. Qe2 $36 {[%mdl 2048] Black is under pressure.} Nc6 25. Be3 {aiming for Nxe6!} Qa3 {[#]} (25... Qd6 $11 {keeps the balance.}) 26. Nxc6 $1 $16 Bxc6 27. Bd4 Bf6 28. Bxf6 gxf6 29. Qe3 (29. f4 $16) 29... Qe7 ({Better is} 29... Ba8 $14) 30. g5 (30. Rhg1 $16) 30... hxg5 $11 31. hxg5 Rg8 $2 {[%mdl 8192] [#]} (31... Rxh1 $1 $11 {and Black is okay.} 32. Rxh1 fxg5) 32. g6 $1 $18 {[%cal Rg6g7][%mdl 512] Strongly threatening g7!} fxg6 {[#]} (32... Rd8 $142 33. Qb6 Rxd1+ 34. Rxd1 Bd7) 33. Rh7 $1 {[%mdl 576] Deflection. White is clearly winning.} Qxh7 34. Qxe6+ {[%mdl 64] Double Attack} Kf8 35. Qxc8+ {[%mdl 64] Double Attack} Be8 36. Re1 {Accuracy: White = 45%, Black = 46%.} 1-0

[Event "ISR-chT 2019"]
[Site "Israel"]
[Date "2019.02.15"]
[Round "5.12"]
[White "Bar, Roman"]
[Black "Klenburg, Michael"]
[Result "1/2-1/2"]
[WhiteElo "2484"]
[BlackElo "2361"]
[Annotator "TA"]
[PlyCount "43"]
[EventDate "2019.01.04"]
[EventType "team-tourn"]
[EventCountry "ISR"]
[SourceTitle "playchess.com"]
[Source "ChessBase"]
[SourceQuality "1"]

{[%evp 24,43,0,0,-8,-15,-18,-19,14,13,59,9,12,0,37,33,32,24,36,20,11,17]} 1. e4 c5 2. Nf3 e6 3. d3 Nc6 4. g3 d5 5. Nbd2 Nf6 6. Bg2 g6 7. O-O Bg7 8. Re1 O-O 9. c3 a5 10. a4 {A08: King's Indian Attack} b6 11. exd5 exd5 12. Nb1 {[%cal Bd2b1,Bb1a3,Ba3b5][%mdl 32]} Bf5 13. Na3 {[#] LiveBook: 3 Games} Rc8 $146 ({Predecessor:} 13... Qd7 14. Nb5 Rfe8 15. Rxe8+ Rxe8 16. Bf4 Ra8 17. Ne5 Nxe5 18. Bxe5 {0-1 (34) Petrosian,T (2598)-Sychev,K (2537) St Petersburg 2018}) 14. Nb5 d4 15. cxd4 cxd4 16. Bf4 Ne8 17. Ne5 Nxe5 18. Bxe5 Qd7 19. Qd2 Bxe5 20. Rxe5 Nf6 21. Rae1 Rfe8 22. Rxe8+ {Precision: White = 77%, Black = 48%.} 1/2-1/2